Guess the F1 driver by an image of himself! - Statistics

General Stats
  • This quiz has been taken 24 times
  • The average score is 10 of 16
Answer Stats
Picture Answer % Correct
Charles Leclerc
100%
Lando Norris
100%
Lewis Hamilton
100%
Max Verstappen
100%
Liam Lawson
78%
Nicholas Latifi
78%
Daniel Ricciardo
72%
Mick Schumacher
72%
Nikita Mazepin
61%
Zhou Guanyu
50%
Oliver Bearman
44%
Franco Colapinto
39%
Daniil Kvyat
28%
Jolyon Palmer
28%
Jules Bianchi
28%
Logan Sargeant
17%
No matching quizzes found
Score Distribution
Percent of People with Each Score
Percentile by Number Answered
Your Score History
You have not taken this quiz